| 000 | 01001nam0a22002891 4500 | ||
|---|---|---|---|
| 001 | rc\2161605 | ||
| 005 | 20260406075801.0 | ||
| 035 | _a(NLR Aleph) 006705817 | ||
| 090 |
_a5291641 _c5291641 |
||
| 100 | _a20110829d1978 |||y0rusy50 ca | ||
| 101 | 0 | _arus | |
| 102 | _aRU | ||
| 105 | _aa z |||a| | ||
| 200 | 1 |
_aОдногодки _eПовесть _e[Для мл. возраста] _fРис. А.Ф. Пахомова |
|
| 205 | _a4-е изд. | ||
| 210 |
_aЛенинград _cДет. лит. Ленингр. отд-ние _d1978 |
||
| 215 |
_a48 с. _cил. _d22 |
||
| 606 |
_aДети в деревне (д. л.) _2psbo |
||
| 700 | 1 |
_aШорин _bИ. В. _f1910-1939 _gИван Васильевич |
|
| 702 | 1 |
_4440 _8rus _7ca _aПахомов _bА. Ф. _gАлексей Фёдорович _f1900-1973 _3RU\NLR\AUTH\7739987 _922948 |
|
| 801 | 0 |
_aRU _bNLR _gpsbo |
|
| 801 | 1 |
_aRU _bELAR _2rusmarc |
|
| 852 |
_aNLR _j78-6/4789 |
||
| 899 |
_aRuMoRGB _jM 78-8/817 |
||
| 942 | _cBOOK | ||
| 980 | _aNB | ||